Léim chuig an ábhar

Применение инсулина гларгин с позиции безопасности Статья

Sábháilte in:
Sonraí bibleagrafaíochta
Príomhchruthaitheoir: Дедов И. И.
Formáid: Статья
Rochtain ar líne:https://znanium.com/catalog/document?id=118151
https://znanium.com/cover/0495/495152.jpg
Clibeanna: Cuir clib leis
Níl clibeanna ann, Bí ar an gcéad duine le clib a chur leis an taifead seo!
LEADER 01468nam0a2200241 i 4500
001 RU\infra-m\znanium\bibl\495152
003 https://znanium.com/catalog/document?id=118151
005 20200302000000.0
100 |a 20200302d2014 m y0rusy0150 ca 
101 0 |a rus 
102 |a RU 
200 1 |a Применение инсулина гларгин с позиции безопасности  |e Статья 
210 1 |a Москва  |c ФГБУ "Эндокринологический научный центр" МинЗдрав РФ  |d 2009 
215 |a 1 с. 
333 |a Аспирантура 
606 |a Медицина. Фармакология  |x Эндокринология и болезни обмена веществ  |2 local 
608 |a Статья  |2 local 
700 1 |a Дедов  |b И. И.  |g Иван Иванович 
701 1 |a Шестакова  |b М.В.  |g Марина Владимировна  |p Национальный медицинский исследовательский центр Кардиологии 
701 1 |a Петеркова  |b В. А.  |g Валентина Александровна 
801 0 |a RU  |b Общество с ограниченной ответственностью «ЗНАНИУМ»  |c 20141114  |2 rusmarc 
856 4 |a znanium.com  |m ebs_support@infra-m.ru  |n НИЦ ИНФРА-М  |u https://znanium.com/catalog/document?id=118151 
856 4 1 |a znanium.com  |d /cover/0495  |f 495152.jpg  |q image/jpeg  |u https://znanium.com/cover/0495/495152.jpg